000 00194 a2200097 4500
001 9303
100 _aMoorehead, A
245 _aThe white nile
260 _a
_bHamilton
_c
090 _c7472
_d7472
942 _aNUST-CAE
_cM
_c34125
999 _c244376
_d244376